00621nam a2200169 a 450000100100000000500170001000800410002704000250006808200130009310000370010624500540014326000440019730000200024150000620026195201110032399900170043400003769320201002031113.0121115s2012 dr 000 0 spa d aDO-SdBNPbspacBNPHU axxxbxxx1 aGuerien Batiste, Gilberto96415710aEn busca de un amigo /cGilberto Guerien Batiste. aSanto Domingo :bImpresos PASDI,c2012. a92 P. ;c22 cm. aIncluye datos biográficos del autor en la contraportada 0010718PDaPDbPDcCTd2012-11-15iLF1l0oxxx xxxp37693-10r2020-06-25w2020-06-25yLFPDZNo se presta c37183d37183